All Unstable SMP Deaths - Statistics

General Stats
  • This quiz has been taken 141 times
    65 since last reset
  • The average score is 7 of 92
Answer Stats
Killed By Character % Correct
SpokeIsHereVoid Leow0ok
68%
WifiesParrotX2 Wifies
64%
SargeLAW Deputy_Ace
51%
Reddoons LuigiToan
43%
The DirectorArrow Cannon Nufuli
38%
ParrotX2The Void deanthebean9
36%
Wardens Rejoicin
32%
Wemmbu Boomie
30%
The LawExecuted Spepticle
26%
SpokeIsHere IMajesticRose
23%
LettuceK Assassins Naparizel
23%
Wemmbu SargeRaxby
23%
TheobaldTheBird The_Oroboros
23%
WemmbuFlameFrags Venthatguy
23%
Probably Wemmbu Tyrad
21%
FlameFrags Salvationism
17%
ShoeBilly_ ArthurTheKnight2
15%
ExplosionZam Empire TeamKalal
15%
xEternalBranchx Gunter_____
11%
BAT TruOriginal
11%
Probably Wemmbu Twirps
11%
Mafia Member NotNico
9%
Wemmbu TheLobsterMan
9%
ParrotX2 Yusai
9%
DangerMario NotBlueLeaf
8%
JumperWho 1 88 x
6%
Mafia Member Cash
6%
WemmbuFall Trap Pheeabee
6%
FlameFrags Razor2gud
6%
N/A Verda
6%
MinuteTech BobDaGreenFrog
4%
ParrotX2 JackMan102
4%
N/A MyraMoon
4%
ItzRealMe NifeMC
4%
DangerMario Nightv0ltage9
4%
LettuceK Ouroboroid
4%
DangerMario Rasplin
4%
Wemmbu TREELEAF2021
4%
FlameFrags Van400
4%
ParrotX2 Z4YA
4%
FlameFrags AllMighty72
2%
FlameFrags Dimofyy
2%
ParrotX2 DirectorFan
2%
Wemmbu FealinSealinXYZ
2%
Wemmbu GeeGeeGamer
2%
The Law JakeVC42
2%
Wemmbu Lakerek
2%
N/A Luma317
2%
Wemmbu Mxsterwu
2%
TheobaldTheBird Orbitk2025
2%
TheobaldTheBird Ottersir
2%
shopreal Pistonpiston
2%
ParrotX2 ReinforcedLad
2%
eggchan (lock in) StoneSunny
2%
ItzRealMe Unoclaf
2%
Wemmbu xXGreatFishXx
2%
Wemmbu YouriMC
2%
Salvationism 5niper8125
0%
Horace_Altman ascend_throne
0%
Wemmbu AuvmorUndead
0%
Starvation Burgle5
0%
FlameFrags Complex2886
0%
FlameFrags CreepingC1ear
0%
Wemmbu D0t1f13d
0%
WemmbuBoosfer DocDespair8
0%
FlameFrags EagleEye30
0%
TheobaldTheBird Faithv44
0%
MinuteTech FlippinDippinX
0%
Wemmbu GamerCat021
0%
WemmbuFlameFrags GrassyCote987x
0%
Wemmbu GrippenTrippinX
0%
SpokeIsHere IamtheOMEGA
0%
tungsetcaptain Icebergsleet
0%
FlameFrags JourneyHunter22
0%
Boosfer KiaranTheHold0
0%
FlameFrags Liikaz
0%
Leow0ok Macaronibaloney2
0%
FlameFrags Ocelotcopter
0%
FlameFragsLomedy Spongs OverallPaul__XD
0%
FlameFrags OverRide_5
0%
Wemmbu P0t4t0m4n2852
0%
FlameFrags R011kni9h7
0%
FlameFrags Sheetpro
0%
Deputy_Ace SlimeLLWW
0%
FlameFrags Snowlick
0%
Wemmbu SuperstitionalRealism
0%
Wemmbu SweetWind7
0%
Wemmbu ThirdEyeOpened
0%
ItzRealMe TrueArcadia
0%
Wemmbu Voidment505
0%
Wemmbu Weesean19x
0%
FlameFrags Xcyclone33
0%
No matching quizzes found
Score Distribution
Percent of People with Each Score
Percentile by Number Answered
Your Score History
You have not taken this quiz since the last reset